<?xml version="1.0" encoding="UTF-8"?>
<record
    xmlns:xsi="http://www.w3.org/2001/XMLSchema-instance"
    xsi:schemaLocation="http://www.loc.gov/MARC21/slim http://www.loc.gov/standards/marcxml/schema/MARC21slim.xsd"
    xmlns="http://www.loc.gov/MARC21/slim">

  <leader>00415nam a22001570  4500</leader>
  <controlfield tag="003">PILC</controlfield>
  <controlfield tag="005">20150905093626.0</controlfield>
  <controlfield tag="008">970404                             eng  </controlfield>
  <datafield tag="050" ind1=" " ind2=" ">
    <subfield code="a">PS 3573</subfield>
    <subfield code="b">.R724 1976</subfield>
  </datafield>
  <datafield tag="100" ind1="1" ind2=" ">
    <subfield code="a">Rogers, Rosemary.</subfield>
  </datafield>
  <datafield tag="245" ind1="1" ind2="0">
    <subfield code="a">Wicked loving lies /</subfield>
    <subfield code="c">by Rosemary Rogers.</subfield>
  </datafield>
  <datafield tag="260" ind1=" " ind2=" ">
    <subfield code="a">New York :</subfield>
    <subfield code="b">Avon,</subfield>
    <subfield code="c">1976.</subfield>
  </datafield>
  <datafield tag="300" ind1=" " ind2=" ">
    <subfield code="a">667 pages ;</subfield>
    <subfield code="c">19 cm.</subfield>
  </datafield>
  <datafield tag="650" ind1=" " ind2=" ">
    <subfield code="a">Fiction.</subfield>
  </datafield>
  <datafield tag="942" ind1=" " ind2=" ">
    <subfield code="2">lcc</subfield>
    <subfield code="c">BK</subfield>
    <subfield code="k">FOR</subfield>
  </datafield>
  <datafield tag="999" ind1=" " ind2=" ">
    <subfield code="c">284709</subfield>
    <subfield code="d">284709</subfield>
  </datafield>
  <datafield tag="952" ind1=" " ind2=" ">
    <subfield code="0">0</subfield>
    <subfield code="1">0</subfield>
    <subfield code="2">lcc</subfield>
    <subfield code="4">0</subfield>
    <subfield code="a">CL</subfield>
    <subfield code="b">CL</subfield>
    <subfield code="c">FIC</subfield>
    <subfield code="d">2015-06-04</subfield>
    <subfield code="e">Library Fund</subfield>
    <subfield code="l">1</subfield>
    <subfield code="o">PS 3573 .R724 1976</subfield>
    <subfield code="p">C19552</subfield>
    <subfield code="r">2023-05-11 00:00:00</subfield>
    <subfield code="s">2023-05-02</subfield>
    <subfield code="w">2015-06-04</subfield>
    <subfield code="y">BK</subfield>
  </datafield>
</record>
